[Event "CZE-chT2C 2223"]
[Site "Czech Republic"]
[Date "2022.12.18"]
[Round "5.4"]
[White "Svatos, Jan"]
[Black "Hulin, Petr"]
[Result "1/2-1/2"]
[WhiteElo "2204"]
[BlackElo "2066"]
[PlyCount "76"]
[EventDate "2022.10.16"]
[EventType "team-tourn"]
[EventRounds "11"]
[EventCountry "CZE"]
[SourceTitle "EXT 2024"]
[Source "ChessBase"]
[SourceDate "2023.10.10"]
[SourceVersion "1"]
[SourceVersionDate "2023.10.10"]
[SourceQuality "1"]
[WhiteTeam "Vysehrad"]
[BlackTeam "Bakov nad Jizerou"]
[WhiteTeamCountry "CZE"]
[BlackTeamCountry "CZE"]

1. e4 c5 2. Nf3 e6 3. d4 cxd4 4. Nxd4 a6 5. Bd3 Nf6 6. 0-0 Qc7 7. Nc3 b5 8. a3 Bb7 9. Bg5 Bc5 10. Nb3 Ba7 11. Qf3 Nc6 12. Bxf6 gxf6 13. Qxf6 Rg8 14. Nd5 Qd6 15. Qf4 Qxf4 16. Nxf4 Rc8 17. Rfd1 Ne5 18. h3 Ke7 19. Kf1 Bb8 20. Ne2 f5 21. Nc3 Nc4 22. Bxc4 bxc4 23. Nd2 fxe4 24. Ndxe4 d5 25. Ng3 Bxg3 26. fxg3 Rcf8+ 27. Kg1 Rxg3 28. Ne2 Rg5 29. Rf1 Rfg8 30. Rf2 e5 31. c3 d4 32. cxd4 Rxg2+ 33. Rxg2 Rxg2+ 34. Kf1 Bf3 35. Ng1 e4 36. Rc1 Rxb2 37. Nxf3 exf3 38. Rxc4 Kd6 1/2-1/2

[Event "CZE-chT2C 2223"]
[Site "Czech Republic"]
[Date "2022.10.16"]
[Round "1.6"]
[White "Zak, Zbynek"]
[Black "Svatos, Jan"]
[Result "0-1"]
[WhiteElo "1954"]
[BlackElo "2204"]
[PlyCount "64"]
[EventDate "2022.10.16"]
[EventType "team-tourn"]
[EventRounds "11"]
[EventCountry "CZE"]
[SourceTitle "EXT 2024"]
[Source "ChessBase"]
[SourceDate "2023.10.10"]
[SourceVersion "1"]
[SourceVersionDate "2023.10.10"]
[SourceQuality "1"]
[WhiteTeam "Kolin"]
[BlackTeam "Vysehrad"]
[WhiteTeamCountry "CZE"]
[BlackTeamCountry "CZE"]

1. d4 Nf6 2. Nf3 e6 3. Bg5 c5 4. c3 d5 5. e3 Nc6 6. Nbd2 h6 7. Bh4 Bd7 8. Ne5 cxd4 9. exd4 Be7 10. Bd3 0-0 11. f4 Ne8 12. Bxe7 Nxe7 13. g4 Nd6 14. Qe2 Qe8 15. g5 Bb5 16. gxh6 Bxd3 17. Qxd3 gxh6 18. Rg1+ Kh8 19. 0-0-0 Nef5 20. Ng4 Qe7 21. Qh3 Kh7 22. Nf3 f6 23. Rde1 Rae8 24. Re3 Ne4 25. Nfe5 Rg8 26. Nf3 Rg6 27. Re2 Qg7 28. Reg2 Rg8 29. Nh4 Nxh4 30. Qxh4 Qc7 31. Nxf6+ Nxf6 32. Rxg6 Rxg6 0-1

[Event "Prague Summer op 9th"]
[Site "Prague"]
[Date "2022.08.07"]
[Round "3"]
[White "Lutsko, Artem"]
[Black "Svatos, Jan"]
[Result "1/2-1/2"]
[WhiteElo "2407"]
[BlackElo "2185"]
[PlyCount "90"]
[EventDate "2022.08.05"]
[EventType "swiss"]
[EventRounds "9"]
[EventCountry "CZE"]
[SourceTitle "CBM 209 Extra"]
[Source "ChessBase"]
[SourceDate "2022.09.30"]
[SourceVersion "1"]
[SourceVersionDate "2022.09.30"]
[SourceQuality "1"]

1. d4 Nf6 2. c4 e6 3. Nf3 d5 4. Nc3 Be7 5. g3 0-0 6. Bg2 dxc4 7. Ne5 Nc6 8. Bxc6 bxc6 9. Nxc6 Qe8 10. Nxe7+ Qxe7 11. Qa4 c5 12. dxc5 Qxc5 13. Be3 Qc7 14. Rd1 Bb7 15. 0-0 Nd5 16. Bd4 Rfd8 17. Qc2 e5 18. Nxd5 Rxd5 19. Be3 Qc6 20. f3 Rad8 21. Rc1 Rc8 22. Rfd1 Rxd1+ 23. Rxd1 e4 24. fxe4 Qe6 25. Rd4 f5 26. Qd2 Re8 27. Bf4 Bxe4 28. Rd6 Qf7 29. Qd4 h6 30. Rd7 Re7 31. Rxe7 Qxe7 32. Qxc4+ Kh7 33. Kf2 Qb7 34. b3 Bb1 35. Qa4 Qh1 36. Qxa7 Qxh2+ 37. Ke1 Qh1+ 38. Kd2 Qe4 39. Qc7 Qd5+ 40. Kc1 Bxa2 41. Be5 Qg8 42. Qc2 Qxb3 43. Qxf5+ Kg8 44. Qc8+ Kh7 45. Qc7 Qc4+ 1/2-1/2

[Event "CZE-chT2C 1920"]
[Site "Czech Republic"]
[Date "2019.11.17"]
[Round "3.2"]
[White "Srba, Milan"]
[Black "Svatos, Jan"]
[Result "1/2-1/2"]
[WhiteElo "2144"]
[BlackElo "2216"]
[PlyCount "24"]
[EventDate "2019.10.13"]
[EventType "team-tourn"]
[EventRounds "11"]
[EventCountry "CZE"]
[SourceTitle "EXT 2024"]
[Source "ChessBase"]
[SourceDate "2023.10.10"]
[SourceVersion "1"]
[SourceVersionDate "2023.10.10"]
[SourceQuality "1"]
[WhiteTeam "Mlada Boleslav"]
[BlackTeam "Kobylisy II"]
[WhiteTeamCountry "CZE"]
[BlackTeamCountry "CZE"]

1. e4 c6 2. Nf3 d5 3. Nc3 Bg4 4. h3 Bxf3 5. Qxf3 Nf6 6. g4 dxe4 7. Nxe4 Nxe4 8. Qxe4 e6 9. d4 Qd5 10. Bd3 Qxe4+ 11. Bxe4 Nd7 12. a3 Bd6 1/2-1/2

[Event "Ricany op-A"]
[Site "Ricany"]
[Date "2019.08.27"]
[Round "5"]
[White "Svatos, Jan"]
[Black "Vojta, Tomas"]
[Result "1/2-1/2"]
[WhiteElo "2232"]
[BlackElo "2363"]
[PlyCount "120"]
[EventDate "2019.08.24"]
[EventType "swiss"]
[EventRounds "9"]
[EventCountry "CZE"]
[SourceTitle "EXT 2020"]
[Source "ChessBase"]
[SourceDate "2019.10.17"]
[SourceVersion "1"]
[SourceVersionDate "2019.10.17"]
[SourceQuality "1"]

1. e4 c6 2. d4 d5 3. e5 c5 4. dxc5 Nc6 5. Bb5 e6 6. Be3 Nge7 7. Nf3 Nf5 8. Qd2 Nxe3 9. Qxe3 Qa5+ 10. Nc3 Bd7 11. a3 Be7 12. 0-0 0-0 13. b4 Qc7 14. Bxc6 bxc6 15. Ne2 a5 16. Ned4 Bc8 17. Nd2 f6 18. exf6 Rxf6 19. N2f3 Bd7 20. Ne5 Raf8 21. f4 Qc8 22. g4 h6 23. h4 Be8 24. g5 Rf5 25. Rae1 Bd8 26. Nd3 e5 27. Nxf5 Qxf5 28. Nxe5 Bc7 29. Rf2 Bh5 30. Nxc6 Qg4+ 31. Rg2 Qxh4 32. Ne7+ Kh7 33. Nxd5 Bxf4 34. Nxf4 Rxf4 35. Rf1 hxg5 36. Qg3 Rxf1+ 37. Kxf1 Qh1+ 38. Rg1 Qc6 39. Qd3+ g6 40. Rxg5 Qf6+ 41. Rf5 gxf5 42. c6 Qxc6 43. Qxf5+ Bg6 44. Qh3+ Kg7 45. bxa5 Qc4+ 46. Ke1 Qe4+ 47. Kf1 Qf4+ 48. Kg1 Qc1+ 49. Qf1 Qxc2 50. a6 Be4 51. Qf2 Qd1+ 52. Kh2 Qh5+ 53. Kg3 Qg5+ 54. Kh2 Qh6+ 55. Kg3 Qg5+ 56. Kh2 Qd5 57. a7 Kg8 58. Qg3+ Kh8 59. Qh3+ Kg8 60. Qg3+ Kh8 1/2-1/2

[Event "Ricany op-A"]
[Site "Ricany"]
[Date "2019.08.25"]
[Round "3"]
[White "Smolik, Jachym"]
[Black "Svatos, Jan"]
[Result "0-1"]
[WhiteElo "1891"]
[BlackElo "2232"]
[PlyCount "124"]
[EventDate "2019.08.24"]
[EventType "swiss"]
[EventRounds "9"]
[EventCountry "CZE"]
[SourceTitle "EXT 2020"]
[Source "ChessBase"]
[SourceDate "2019.10.17"]
[SourceVersion "1"]
[SourceVersionDate "2019.10.17"]
[SourceQuality "1"]

1. d4 Nf6 2. Nf3 e6 3. e3 b6 4. b3 Bb7 5. Bb2 Bb4+ 6. c3 Be7 7. Bd3 0-0 8. Nbd2 d5 9. Qc2 c5 10. 0-0 Nc6 11. Rae1 Rc8 12. Ne5 cxd4 13. Nxc6 Rxc6 14. exd4 Qc8 15. f4 Bb4 16. Rf3 g6 17. Bb5 Rc7 18. a3 Be7 19. Bd3 Ba6 20. h3 Rd8 21. g4 Bf8 22. Kh1 Bg7 23. Qb1 Bxd3 24. Qxd3 Qb7 25. Rg3 a5 26. h4 Re7 27. h5 b5 28. hxg6 hxg6 29. Kg2 a4 30. Kh3 axb3 31. Rge3 Qb8 32. Qf1 Ree8 33. Rb1 g5 34. fxg5 Nh7 35. Nf3 Nf8 36. Nh4 e5 37. Nf5 e4 38. Nxg7 Kxg7 39. Qf6+ Kg8 40. Rf1 Qc7 41. Kg2 Rd6 42. Qf2 Ng6 43. Rh1 Rde6 44. Kg1 Qf4 45. Qxf4 Nxf4 46. Rh2 Rg6 47. Rh6 Ree6 48. Rxg6+ Rxg6 49. Re1 Nd3 50. Rb1 Ra6 51. Kf1 Nxb2 52. Rxb2 Rxa3 53. Rb1 Kg7 54. Ke1 Kg6 55. Kd1 Kxg5 56. Kc1 Kxg4 57. Kb2 Ra4 58. Kxb3 f5 59. Kc2 Ra2+ 60. Kd1 f4 61. Rxb5 f3 62. Rb8 e3 0-1

[Event "Ricany op-A"]
[Site "Ricany"]
[Date "2019.08.25"]
[Round "2"]
[White "Svatos, Jan"]
[Black "Matys, Jakub"]
[Result "1-0"]
[WhiteElo "2232"]
[BlackElo "1772"]
[PlyCount "43"]
[EventDate "2019.08.24"]
[EventType "swiss"]
[EventRounds "9"]
[EventCountry "CZE"]
[SourceTitle "EXT 2020"]
[Source "ChessBase"]
[SourceDate "2019.10.17"]
[SourceVersion "1"]
[SourceVersionDate "2019.10.17"]
[SourceQuality "1"]

1. Nf3 Nf6 2. c4 c5 3. g3 Nc6 4. Bg2 d5 5. cxd5 Nxd5 6. Nc3 e5 7. 0-0 Be6 8. d3 f6 9. e3 Qc7 10. Ng5 Nxc3 11. Nxe6 Qd6 12. Qb3 Ne2+ 13. Kh1 Rb8 14. Bd2 Ke7 15. Nxf8 Rhxf8 16. Rae1 Ned4 17. exd4 Nxd4 18. Qd1 Qa6 19. f4 Nc6 20. fxe5 Nxe5 21. d4 cxd4 22. Bb4+ 1-0

[Event "Ricany op-A"]
[Site "Ricany"]
[Date "2019.08.24"]
[Round "1"]
[White "Lhotsky, Frantisek"]
[Black "Svatos, Jan"]
[Result "1-0"]
[WhiteElo "1865"]
[BlackElo "2232"]
[PlyCount "37"]
[EventDate "2019.08.24"]
[EventType "swiss"]
[EventRounds "9"]
[EventCountry "CZE"]
[SourceTitle "EXT 2020"]
[Source "ChessBase"]
[SourceDate "2019.10.17"]
[SourceVersion "1"]
[SourceVersionDate "2019.10.17"]
[SourceQuality "1"]

1. d4 Nf6 2. c4 e6 3. g3 c5 4. Nf3 b6 5. Bg2 Bb7 6. 0-0 cxd4 7. Qxd4 Bc6 8. Qh4 Be7 9. Bg5 h6 10. Nc3 0-0 11. Rad1 hxg5 12. Nxg5 Nh5 13. f4 g6 14. g4 Kg7 15. gxh5 Rh8 16. h6+ Kg8 17. h7+ Kg7 18. Rd3 f6 19. Rdf3 1-0

[Event "CZE-chT2C 1819"]
[Site "Czech Republic"]
[Date "2019.03.31"]
[Round "11.3"]
[White "Svatos, Jan"]
[Black "Postupa, Pavel1111"]
[Result "1/2-1/2"]
[WhiteElo "2261"]
[BlackElo "2227"]
[PlyCount "57"]
[EventDate "2018.10.14"]
[EventType "team-tourn"]
[EventRounds "11"]
[EventCountry "CZE"]
[SourceTitle "EXT 2022"]
[Source "ChessBase"]
[SourceDate "2021.10.06"]
[SourceVersion "1"]
[SourceVersionDate "2021.10.06"]
[SourceQuality "1"]
[WhiteTeam "Praha Vrsovice"]
[BlackTeam "Pankrac II"]
[WhiteTeamCountry "CZE"]
[BlackTeamCountry "CZE"]

1. e4 c5 2. Nf3 d6 3. d4 cxd4 4. Nxd4 Nf6 5. Nc3 a6 6. h3 e6 7. g4 d5 8. g5 Nxe4 9. Nxe4 dxe4 10. Bg2 e5 11. Ne2 Qxd1+ 12. Kxd1 h6 13. h4 hxg5 14. hxg5 Rxh1+ 15. Bxh1 Bf5 16. Ke1 Nc6 17. c3 0-0-0 18. Be3 Be7 19. Ng3 Rh8 20. Kd2 Bg6 21. Bxe4 Bxe4 22. Nxe4 Kd7 23. Rd1 Ke6 24. Ke2 f5 25. gxf6 gxf6 26. Bc5 Rd8 27. Rh1 b6 28. Bxe7 Nxe7 29. Rh6 1/2-1/2

[Event "CZE-chT1W 1819"]
[Site "Czech Republic"]
[Date "2019.03.24"]
[Round "10.1"]
[White "Rasik, Vitezslav"]
[Black "Svatos, Jan"]
[Result "1-0"]
[WhiteElo "2458"]
[BlackElo "2261"]
[PlyCount "81"]
[EventDate "2018.10.21"]
[EventType "team-tourn"]
[EventRounds "11"]
[EventCountry "CZE"]
[SourceTitle "CBM 189 Extra"]
[Source "ChessBase"]
[SourceDate "2019.06.03"]
[SourceVersion "1"]
[SourceVersionDate "2019.06.03"]
[SourceQuality "1"]
[WhiteTeam "Neratovice"]
[BlackTeam "Praha Dukla"]
[WhiteTeamCountry "CZE"]
[BlackTeamCountry "CZE"]

1. e4 e6 2. d3 d5 3. Nd2 c5 4. Ngf3 Nf6 5. g3 Nc6 6. Bg2 Be7 7. 0-0 0-0 8. Re1 b5 9. e5 Nd7 10. Nf1 a5 11. h4 f6 12. exf6 Nxf6 13. Bf4 e5 14. Nxe5 Nxe5 15. Bxe5 Ng4 16. Bf4 Rxf4 17. gxf4 Bxh4 18. Ng3 Ra6 19. Qf3 Rd6 20. Re2 Bd7 21. Rae1 Bf6 22. Nf5 Bxf5 23. Re8+ Kf7 24. Rxd8 Rxd8 25. Qe2 Kg6 26. Bh3 h5 27. Kg2 b4 28. f3 Nh6 29. c3 bxc3 30. bxc3 Bxc3 31. Rc1 Bd4 32. Bxf5+ Kxf5 33. Qe7 Bf6 34. Qxc5 Kxf4 35. Re1 a4 36. Qa5 Kg5 37. Qxa4 Nf5 38. Re8 Rd6 39. Qb5 Bd4 40. Re2 Kf4 41. Qb8 1-0

[Event "CZE-chT2C 1819"]
[Site "Czech Republic"]
[Date "2019.02.10"]
[Round "8.2"]
[White "Svatos, Jan"]
[Black "Varejcko, Josef"]
[Result "1/2-1/2"]
[WhiteElo "2261"]
[BlackElo "2218"]
[PlyCount "127"]
[EventDate "2018.10.14"]
[EventType "team-tourn"]
[EventRounds "11"]
[EventCountry "CZE"]
[SourceTitle "EXT 2022"]
[Source "ChessBase"]
[SourceDate "2021.10.06"]
[SourceVersion "1"]
[SourceVersionDate "2021.10.06"]
[SourceQuality "1"]
[WhiteTeam "Praha Vrsovice"]
[BlackTeam "Lipa"]
[WhiteTeamCountry "CZE"]
[BlackTeamCountry "CZE"]

1. e4 g6 2. d4 Bg7 3. Nc3 c5 4. d5 d6 5. Nf3 Nf6 6. Bb5+ Nbd7 7. a4 0-0 8. 0-0 Rb8 9. Re1 Ne5 10. Nxe5 dxe5 11. a5 Bd7 12. Qd3 Ne8 13. Be3 Rc8 14. Bxd7 Qxd7 15. Na4 c4 16. Qe2 Nd6 17. Bxa7 b5 18. axb6 f5 19. b7 Qxb7 20. Nc5 Qxb2 21. Ne6 Nxe4 22. Nxf8 Kxf8 23. f3 Nd6 24. Qf2 Kg8 25. Bc5 e4 26. Rab1 Qc3 27. Bb4 Qd4 28. Bxd6 exd6 29. fxe4 fxe4 30. Rbd1 Qe5 31. Qe2 Re8 32. Qxc4 e3 33. Qe2 Qe4 34. c4 Bd4 35. h3 Bc5 36. Rf1 Rb8 37. Kh1 Rb4 38. Qa2 Kg7 39. Qa1+ Kh6 40. Rf7 e2 41. Re1 Rb3 42. Qg7+ Kg5 43. Qf6+ Kh6 44. Qg7+ Kg5 45. Qf6+ Kh6 46. Qf4+ Qxf4 47. Rxf4 Re3 48. Rf2 Re4 49. Rfxe2 Rxc4 50. Rd1 Kg5 51. g3 h5 52. Kg2 h4 53. g4 Rc3 54. Rf1 Rg3+ 55. Kh2 Rd3 56. Re6 Bd4 57. Rfe1 Bf2 58. Rf1 Bg3+ 59. Kg2 Be5 60. Rf8 Rg3+ 61. Kf2 Rxh3 62. Rg8 Kxg4 63. Rgxg6+ Kf5 64. Rxd6 1/2-1/2

[Event "CZE-chT2C 1819"]
[Site "Czech Republic"]
[Date "2019.01.27"]
[Round "7.2"]
[White "Fencl, Pavel"]
[Black "Svatos, Jan"]
[Result "1-0"]
[WhiteElo "2030"]
[BlackElo "2261"]
[PlyCount "111"]
[EventDate "2018.10.14"]
[EventType "team-tourn"]
[EventRounds "11"]
[EventCountry "CZE"]
[SourceTitle "EXT 2022"]
[Source "ChessBase"]
[SourceDate "2021.10.06"]
[SourceVersion "1"]
[SourceVersionDate "2021.10.06"]
[SourceQuality "1"]
[WhiteTeam "Lysa nad Labem IV"]
[BlackTeam "Praha Vrsovice"]
[WhiteTeamCountry "CZE"]
[BlackTeamCountry "CZE"]

1. c4 Nf6 2. Nc3 e6 3. Nf3 d5 4. cxd5 exd5 5. d4 c5 6. Bg5 Be6 7. e3 c4 8. g3 Nc6 9. a3 Be7 10. Bg2 0-0 11. 0-0 h6 12. Bxf6 Bxf6 13. Nd2 a6 14. b3 b5 15. bxc4 bxc4 16. Qa4 Ne7 17. Rab1 Bd7 18. Qb4 Bf5 19. Rb2 Rb8 20. Qxb8 Qxb8 21. Rxb8 Rxb8 22. Nxd5 Nxd5 23. Bxd5 c3 24. Nb3 Bd3 25. Rc1 c2 26. Nc5 Bf5 27. Bb3 Be7 28. Bxc2 Bh3 29. Bd3 a5 30. Rb1 Rxb1+ 31. Bxb1 Kf8 32. f3 Be6 33. Nxe6+ fxe6 34. a4 Bb4 35. Kf2 Ke7 36. e4 Bc3 37. Ke3 e5 38. dxe5 Bxe5 39. f4 Bc3 40. e5 Bb4 41. Ke4 Bc5 42. Ba2 Bg1 43. h4 Bf2 44. Kf3 Be1 45. h5 Kf8 46. g4 Bd2 47. Ke4 Bc1 48. Kf5 Bd2 49. g5 hxg5 50. fxg5 Bc1 51. Kg6 Bb2 52. e6 Bc3 53. Kh7 Bd4 54. g6 Be5 55. h6 gxh6 56. Kxh6 1-0

[Event "CZE-chT1W 1819"]
[Site "Czech Republic"]
[Date "2019.01.06"]
[Round "5.1"]
[White "Sergeev, Vladimir"]
[Black "Svatos, Jan"]
[Result "1-0"]
[WhiteElo "2412"]
[BlackElo "2261"]
[PlyCount "51"]
[EventDate "2018.10.21"]
[EventType "team-tourn"]
[EventRounds "11"]
[EventCountry "CZE"]
[SourceTitle "CBM 188 Extra"]
[Source "ChessBase"]
[SourceDate "2019.02.26"]
[SourceVersion "1"]
[SourceVersionDate "2019.02.26"]
[SourceQuality "1"]
[WhiteTeam "Praha DP Tarok"]
[BlackTeam "Praha Dukla"]
[WhiteTeamCountry "CZE"]
[BlackTeamCountry "CZE"]

1. g3 Nf6 2. Bg2 d5 3. d3 Bf5 4. c4 e6 5. Qb3 Nc6 6. Nf3 Rb8 7. 0-0 h6 8. a3 Bc5 9. Qb5 Nd7 10. Nbd2 0-0 11. Rb1 Re8 12. b4 Be7 13. cxd5 a6 14. Qc4 Nb6 15. Qc2 exd5 16. Nb3 Bf6 17. Re1 d4 18. Bb2 Re7 19. Rbc1 Nd5 20. Qc5 Rd7 21. Nbxd4 Nxd4 22. Bxd4 Be7 23. Qc2 Nb6 24. Be5 Rc8 25. Qb2 Bf8 26. Nd4 1-0

[Event "CZE-chT1W 1819"]
[Site "Czech Republic"]
[Date "2018.11.25"]
[Round "3.1"]
[White "Cerveny, Martin"]
[Black "Svatos, Jan"]
[Result "1-0"]
[WhiteElo "2329"]
[BlackElo "2261"]
[PlyCount "53"]
[EventDate "2018.10.21"]
[EventType "team-tourn"]
[EventRounds "11"]
[EventCountry "CZE"]
[SourceTitle "CBM 187 Extra"]
[Source "ChessBase"]
[SourceDate "2018.11.04"]
[SourceVersion "1"]
[SourceVersionDate "2018.11.04"]
[SourceQuality "1"]
[WhiteTeam "Lysa nad Labem III"]
[BlackTeam "Praha Dukla"]
[WhiteTeamCountry "CZE"]
[BlackTeamCountry "CZE"]

1. d4 Nf6 2. Nf3 e6 3. c4 Bb4+ 4. Nbd2 0-0 5. a3 Be7 6. e3 d5 7. b4 a5 8. b5 c5 9. bxc6 bxc6 10. c5 Nfd7 11. Qc2 Ba6 12. Bb2 Bxf1 13. Nxf1 e5 14. Nxe5 Nxe5 15. dxe5 a4 16. Ng3 Qa5+ 17. Bc3 Qxc5 18. 0-0 Nd7 19. Rfc1 Rfe8 20. Qf5 Nf8 21. Qg4 Qa7 22. e6 Nxe6 23. Bxg7 Nxg7 24. Nh5 Bf8 25. Nf6+ Kh8 26. Qh4 h5 27. Qg5 1-0

[Event "CZE-chT1W 1819"]
[Site "Czech Republic"]
[Date "2018.11.11"]
[Round "2.1"]
[White "Svatos, Jan"]
[Black "Nun, Jiri"]
[Result "0-1"]
[WhiteElo "2261"]
[BlackElo "2304"]
[PlyCount "86"]
[EventDate "2018.10.21"]
[EventType "team-tourn"]
[EventRounds "11"]
[EventCountry "CZE"]
[SourceTitle "CBM 187 Extra"]
[Source "ChessBase"]
[SourceDate "2018.11.04"]
[SourceVersion "1"]
[SourceVersionDate "2018.11.04"]
[SourceQuality "1"]
[WhiteTeam "Praha Dukla"]
[BlackTeam "Hradec Kralove"]
[WhiteTeamCountry "CZE"]
[BlackTeamCountry "CZE"]

1. e4 c5 2. Nf3 Nc6 3. d4 cxd4 4. Nxd4 Nf6 5. Nc3 e5 6. Ndb5 d6 7. Bg5 a6 8. Na3 b5 9. Nd5 Be7 10. Bxf6 Bxf6 11. c3 Bb7 12. Be2 Ne7 13. Nxf6+ gxf6 14. Bf3 d5 15. exd5 Bxd5 16. Nc2 e4 17. Be2 f5 18. f4 Rg8 19. Ne3 Bc6 20. Qxd8+ Rxd8 21. g3 Rg6 22. Rd1 Rgd6 23. Rxd6 Rxd6 24. Rf1 Bd7 25. c4 b4 26. Rf2 a5 27. Bf1 Be6 28. Rd2 Rc6 29. b3 Rc7 30. Nc2 Nc6 31. Kf2 Ke7 32. Ke3 a4 33. bxa4 Ra7 34. c5 Rxa4 35. Bb5 Rxa2 36. Bxc6 b3 37. Nb4 b2 38. Nxa2 b1Q 39. Nc3 Qg1+ 40. Rf2 Qc1+ 41. Kd4 Qg1 42. Ke3 Qe1+ 43. Ne2 Qb4 0-1

[Event "Ricany op-A"]
[Site "Ricany"]
[Date "2018.08.28"]
[Round "5"]
[White "Hosticka, Frantisek"]
[Black "Svatos, Jan"]
[Result "1/2-1/2"]
[WhiteElo "2087"]
[BlackElo "2264"]
[PlyCount "84"]
[EventDate "2018.08.25"]
[EventType "swiss"]
[EventRounds "9"]
[EventCountry "CZE"]
[SourceTitle "EXT 2019"]
[Source "ChessBase"]
[SourceDate "2018.10.10"]
[SourceVersion "1"]
[SourceVersionDate "2018.10.10"]
[SourceQuality "1"]

1. e4 c5 2. b3 Nf6 3. e5 Nd5 4. Bb2 e6 5. Nf3 Be7 6. c4 Nc7 7. Nc3 0-0 8. Be2 b6 9. d4 cxd4 10. Nxd4 Bb7 11. Bf3 Bxf3 12. Nxf3 Nc6 13. 0-0 d6 14. exd6 Qxd6 15. Qe2 Rad8 16. Rad1 Qf4 17. Ne4 Na6 18. Ng3 Qg4 19. Rxd8 Rxd8 20. Rd1 Nc5 21. Rxd8+ Bxd8 22. Qd2 Be7 23. h3 Qg6 24. Ne5 Nxe5 25. Bxe5 h6 26. Bb8 a5 27. Bc7 Qb1+ 28. Kh2 a4 29. bxa4 Bg5 30. Bf4 Bxf4 31. Qxf4 Nxa4 32. Qb8+ Kh7 33. Qa7 Qxa2 34. Qxf7 Qxc4 35. Nh5 Qd4 36. Nf4 Nc5 37. Qg6+ Kh8 38. Qe8+ Kh7 39. Qg6+ Kh8 40. Qe8+ Kh7 41. Ng6 Qxf2 42. Nf8+ Kh8 1/2-1/2

[Event "Ricany op-A"]
[Site "Ricany"]
[Date "2018.08.26"]
[Round "2"]
[White "Svatos, Jan"]
[Black "Blumel, Otto"]
[Result "1/2-1/2"]
[WhiteElo "2264"]
[BlackElo "2019"]
[PlyCount "49"]
[EventDate "2018.08.25"]
[EventType "swiss"]
[EventRounds "9"]
[EventCountry "CZE"]
[SourceTitle "EXT 2019"]
[Source "ChessBase"]
[SourceDate "2018.10.10"]
[SourceVersion "1"]
[SourceVersionDate "2018.10.10"]
[SourceQuality "1"]

1. d4 d5 2. c4 e6 3. Nc3 c6 4. Nf3 Nf6 5. Bg5 dxc4 6. e4 b5 7. e5 h6 8. Bh4 g5 9. Nxg5 Nd5 10. Nf3 Qa5 11. Qd2 Bb4 12. Rc1 Nd7 13. Be2 Bb7 14. 0-0 c5 15. Ne1 Qxa2 16. Bh5 cxd4 17. Qxd4 Qxb2 18. Rc2 Qxc3 19. Rxc3 Bxc3 20. Qg4 Kf8 21. Nf3 Rb8 22. Bxf7 Kxf7 23. Qh5+ Kg7 24. Qg4+ Kf7 25. Qh5+ 1/2-1/2

[Event "Ricany op-A"]
[Site "Ricany"]
[Date "2018.08.25"]
[Round "1"]
[White "Cermak, Jan"]
[Black "Svatos, Jan"]
[Result "0-1"]
[WhiteElo "1878"]
[BlackElo "2264"]
[PlyCount "63"]
[EventDate "2018.08.25"]
[EventType "swiss"]
[EventRounds "9"]
[EventCountry "CZE"]
[SourceTitle "EXT 2019"]
[Source "ChessBase"]
[SourceDate "2018.10.10"]
[SourceVersion "1"]
[SourceVersionDate "2018.10.10"]
[SourceQuality "1"]

1. e4 c5 2. Nf3 e6 3. c4 Nc6 4. Nc3 g6 5. g3 Bg7 6. Bg2 Nge7 7. 0-0 0-0 8. d3 d5 9. cxd5 exd5 10. Qb3 Nb4 11. Bg5 dxe4 12. dxe4 Be6 13. Qd1 Qe8 14. Qe2 Nec6 15. a3 Na6 16. Qb5 Rc8 17. Nd5 f6 18. Bf4 Qf7 19. Rfd1 Rfd8 20. Be3 Bf8 21. Nxf6+ Qxf6 22. Qxb7 Nab8 23. Ng5 Bg7 24. e5 Qxe5 25. Bf4 Qf6 26. Nxe6 Qxe6 27. Bd5 Rxd5 28. Rxd5 Na5 29. Qa8 Nbc6 30. Qb7 Nb8 31. Qxc8+ Qxc8 32. Rad1 0-1

[Event "Prague Menchik Memorial rapid"]
[Site "Prague"]
[Date "2018.06.10"]
[Round "3"]
[White "Svatos, Jan"]
[Black "Plischki, Sebastian"]
[Result "0-1"]
[WhiteElo "2264"]
[BlackElo "2413"]
[PlyCount "54"]
[EventDate "2018.06.10"]
[EventType "swiss (rapid)"]
[EventRounds "9"]
[EventCountry "CZE"]
[SourceTitle "CBM 184 Extra"]
[Source "ChessBase"]
[SourceDate "2018.06.28"]
[SourceVersion "1"]
[SourceVersionDate "2018.06.28"]
[SourceQuality "1"]

1. e4 c6 2. d4 d5 3. Nd2 dxe4 4. Nxe4 Bf5 5. Ng3 Bg6 6. Nf3 e6 7. h4 h6 8. h5 Bh7 9. Bd3 Bxd3 10. Qxd3 Nf6 11. Bd2 Be7 12. 0-0-0 0-0 13. Kb1 c5 14. Ne4 cxd4 15. g4 Nxg4 16. Rhg1 f5 17. Nxd4 Nc6 18. Nxc6 bxc6 19. Qg3 Qb8 20. Bf4 e5 21. Bxh6 gxh6 22. f3 Rf7 23. fxg4 fxe4 24. Qc3 Qb5 25. Rd7 Bb4 26. Qb3 Be7 27. Qc3 Qc5 0-1